000 00413nam a2200157Ia 4500
008 230917s9999||||xx |||||||||||||| ||und||
020 _cRS125
040 _e13481
_aMAIN
041 _aEnglish
082 _a301.2 K832C
100 _aKolenda, Pauline
245 0 _aCaste, cult and hierarchy: Essays on the culture of India
260 _aMeerut
_bFolklore institute
_c1983
300 _aviii,350 p.
942 _cBK
999 _c36073
_d36073